书目信息 |
| 题名: |
小岛与大洋
|
|
| 作者: | 刘晓路 著 | |
| 分册: | ||
| 出版信息: | 长春 吉林美术出版社 1999.01 |
|
| 页数: | 158页 | |
| 开本: | 19cm | |
| 丛书名: | ||
| 单 册: | ||
| 中图分类: | J110.931.3 | |
| 科图分类: | ||
| 主题词: | 艺术--世界 , 美术--世界 | |
| 电子资源: | ||
| ISBN: | 7-5386-0748-X | |
| 000 | 00652nam0 2200229 450 | |
| 001 | 0430717189 | |
| 005 | 20040409083156.58 | |
| 010 | @a7-5386-0748-X@dCNY15.00 | |
| 100 | @a20040409d1999 km y0chiy0120 ea | |
| 101 | 0 | @achi |
| 102 | @aCN@b220000 | |
| 200 | 1 | @a小岛与大洋@e日本美术@Axiao dao yu da yang@f刘晓路著@Fliu xiao lu zhu |
| 210 | @a长春@c吉林美术出版社@d1999.01 | |
| 215 | @a158页@c图@d19cm | |
| 300 | @a世界艺术教育文库 | |
| 517 | 1 | @a日本美术@Ari ben mei shu |
| 606 | 0 | @a艺术@x世界 |
| 606 | 0 | @a美术@x世界 |
| 690 | @aJ110.931.3@v4 | |
| 701 | 0 | @a刘晓路@Aliu xiao lu@4著 |
| 801 | 0 | @aCN@bPFT@c20040409 |
| 905 | @aBZT@dJ110.931.3@e1@f8 | |
| 小岛与大洋:日本美术/刘晓路著.-长春:吉林美术出版社,1999.01 |
| 158页:图;19cm |
| 世界艺术教育文库 |
| ISBN 7-5386-0748-X:CNY15.00 |
| ● |
| 相关链接 |
|
|
|
正题名:小岛与大洋
索取号:J110.931.3/1
 
预约/预借
| 序号 | 登录号 | 条形码 | 馆藏地/架位号 | 状态 | 备注 |
| 1 | 2001741071 | 2001741071 | 样本书库/样005架A面4层1列/ [索取号:J110.931.3/1] | 在馆 | |
| 2 | 362428 | 230079465 | 中心书库中库/ 中库016架A面3列4层6/ [索取号:J110.931.3/1] | 在馆 | |
| 3 | 362429 | 230079467 | 中心书库中库/ 中库016架A面3列4层12/ [索取号:J110.931.3/1] | 在馆 | |
| 4 | 362430 | 230079469 | 中心书库中库/ 中库016架A面3列4层13/ [索取号:J110.931.3/1] | 在馆 | |
| 5 | 362431 | 230079463 | 中心书库中库/ 中库016架A面3列4层10/ [索取号:J110.931.3/1] | 在馆 | |
| 6 | 362432 | 230079473 | 中心书库中库/ 中库016架A面3列4层7/ [索取号:J110.931.3/1] | 在馆 | |
| 7 | 362433 | 230079475 | 中心书库中库/ 中库016架A面3列4层15/ [索取号:J110.931.3/1] | 在馆 | |
| 8 | 362434 | 230079471 | 中心书库中库/ 中库016架A面3列4层14/ [索取号:J110.931.3/1] | 在馆 |